000 00538nam a2200145Ia 4500
008 231221s9999 xx 000 0 und d
020 _a978-1-4419-9507-0
041 _aEnglish
100 _aTom Proulx
245 0 _aSensors, Instrumentation and Special Topics, Volume 6
260 _c2011
_bSpringer New York
_aNew York
440 _aConference Proceedings of the Society for Experimental Mechanics Series
650 _aEngineering Acoustics; Vibration, Dynamical Systems, Control; Aerospace Technology and Astronautics
942 _cEB
999 _c226590
_d226590